Infante D. Henrique (Registo nº 4073)

Detalhes MARC
000 -Etiqueta do registo
Cabeçalho 00872cam a2200313 4500
005 - Identificador da versão
Campo de controlo 20240813122052.0
095 ## -
-- PTBN01009469
021 ## - Número do Depósito Legal
Código do país PT
Número 121419/98
100 ## - Dados gerais de processamento
Dados gerais de processamento 19980915d1998 am y0pory5003 ba
102 ## - Pais de publicação ou produção
País de publicação Portugal
101 0# - Língua de publicação
Língua do texto, banda sonora, etc. Português
106 ## - Campo de dados codificados: material textual
Dados codificados do material textual r
105 ## - Campo de dados codificados: livros
Dados codificados dos livros a z 000yy
215 ## - Descrição física 
Indicação específica da natureza do documento e extensão da espécie 36, [1] p.
Outras indicações físicas todo il.
Dimensões 30 cm
200 1# - Titulo e menção de responsabilidade
Título próprio Infante D. Henrique
Primeira menção de responsabilidade texto [de] Margarida Brandão
Outras menções de responsabilidade desenhos [de] Baptista Mendes
225 1# - Colecção 
Título próprio da colecção Navegadores portugueses
Indicação de volume 2
205 ## - Menção da edição
Menção da edição 2ª ed
210 ## - Publicação, Distribuição, etc. 
Lugar da edição, distribuição, etc. Porto
Nome do editor, distribuidor, etc. Asa
Data da publicação, distribuição, etc. 1998
532 12 - Título desenvolvido
Expanded Title Infante Dom Henrique
606 ## - Nome comum usado como assunto
Número de registo de entrada de autoridade 0000612
Código do sistema bpmvng
675 ## - Classificação Decimal Universal (CDU)
Notação 087.5
Edição BN
Língua da edição por
Notação 94(469)(045)"1806/1815"
Edição BN
Língua da edição por
701 #1 - Nome de autor-pessoa física (co-responsabilidade principal)
Palavra de ordem Mendes
Outra parte do nome não tomada para palavra de ordem Baptista
Código de função Ilustrador / Técnico de desenho computorizado
700 #1 - Nome de autor-pessoa física (responsabilidade principal)
Número de registo de entrada de autoridade 0000614
Palavra de ordem Brandão
Outra parte do nome não tomada para palavra de ordem Margarida
Datas 1944-
942 ## - Elementos de entrada adicionados (Koha)
Tipo de item no Koha Livro
Exemplares
Situação do levantamento Origin of item (home branch) (coded) Biblioteca de empréstimo Código de barras Cota Circulation type (not for loan) Tipo de documento Nota do exemplar Damaged status
  Biblioteca Escolar das Vendas Biblioteca Escolar das Vendas BEV842 9BIO BRA   Livro Sem mensagem